书目信息 |
| 题名: |
电子计算机在图书情报工作中的应用
|
|
| 作者: | 余光镇 , 沈迪飞 编 | |
| 分册: | ||
| 出版信息: | 北京 中国科学院图书馆出版组 1982 |
|
| 页数: | 161页 | |
| 开本: | 25cm | |
| 丛书名: | ||
| 单 册: | ||
| 中图分类: | G258.94 | |
| 科图分类: | ||
| 主题词: | 图书情报工作-计算机应用 , 计算机应用-图书情报工作 | |
| 电子资源: | ||
| ISBN: | ||
| 000 | 00731nam0 2200241 45 | |
| 001 | 0182003130 | |
| 005 | 20060812164614.43 | |
| 010 | @d[非卖品] | |
| 100 | @a19950619d1982 em y0chiy0121 ea | |
| 101 | 0 | @achi |
| 102 | @aCN@b110000 | |
| 105 | @ay z 000yy | |
| 200 | 10 | @a电子计算机在图书情报工作中的应用@Adian zi ji suan ji zai tu shu qing bao gong zuo zhong de ying yong@f沈迪飞,余光镇编 |
| 210 | @a北京@c中国科学院图书馆出版组@d1982 | |
| 215 | @a161页@d25cm | |
| 606 | @a图书情报工作-计算机应用 | |
| 606 | @a计算机应用-图书情报工作 | |
| 690 | @aG258.94@v3 | |
| 701 | 0 | @a余光镇@Ayu guang zhen@4编 |
| 701 | 0 | @a沈迪飞@Ashen di fei@4编 |
| 801 | 2 | @aCN@bNLC@c20060812 |
| 801 | 0 | @aCN@bTSSF |
| 905 | @a10447@dG258.94@e26 | |
| 电子计算机在图书情报工作中的应用/沈迪飞,余光镇编.-北京:中国科学院图书馆出版组,1982 |
| 161页;25cm |
| ISBN :[非卖品] |
| ● |
| 相关链接 |
|
|
|
|
正题名:电子计算机在图书情报工作中的应用
索取号:G258.94/26
 
预约/预借
| 序号 | 登录号 | 条形码 | 馆藏地/架位号 | 状态 | 备注 |
| 1 | 0458971 | 204589711 | 密集书库/ [索取号:G258.94/26] | 在馆 |